Exploring the purpose, practices and challenges of prayer groups in the Seventh-day Adventist Church : (Record no. 25169)

MARC details
000 -LEADER
fixed length control field 00834nam a22001937a 4500
003 - CONTROL NUMBER IDENTIFIER
control field AUA.1
005 - DATE AND TIME OF LATEST TRANSACTION
control field 20251118162220.0
008 - FIXED-LENGTH DATA ELEMENTS--GENERAL INFORMATION
fixed length control field 250709b |||||||| |||| 00| 0 eng d
040 ## - CATALOGING SOURCE
Transcribing agency JTL
100 ## - MAIN ENTRY--PERSONAL NAME
Personal name Grah, Edanh Ezechias
245 ## - TITLE STATEMENT
Title Exploring the purpose, practices and challenges of prayer groups in the Seventh-day Adventist Church :
Remainder of title a case study of the Jerusalem, Niangon, and Koumassi churches /
Statement of responsibility, etc Edanh Ezechias Grah.
260 ## - PUBLICATION, DISTRIBUTION, ETC. (IMPRINT)
Date of publication, distribution, etc c2025.
300 ## - PHYSICAL DESCRIPTION
Extent viii,159 leaves :
Other physical details Illustrations :
Dimensions 30cm.
610 ## - SUBJECT ADDED ENTRY--CORPORATE NAME
Corporate name or jurisdiction name as entry element Jerusalem Seventh-day Adventist Church
Geographic subdivision Côte d'Ivoire
610 ## - SUBJECT ADDED ENTRY--CORPORATE NAME
Corporate name or jurisdiction name as entry element Niangon Seventh-day Adventist Church
Geographic subdivision Côte d'Ivoire
610 ## - SUBJECT ADDED ENTRY--CORPORATE NAME
Corporate name or jurisdiction name as entry element Koumassi Seventh-day Adventist Church
Geographic subdivision Côte d'Ivoire
650 ## - SUBJECT ADDED ENTRY--TOPICAL TERM
Topical term or geographic name as entry element Prayer groups
General subdivision Seventh-day Adventists
9 (RLIN) 10369
942 ## - ADDED ENTRY ELEMENTS (KOHA)
Source of classification or shelving scheme AUA Inhouse Classification
Koha item type Thesis
Classification part MA PTh
Item part .G73 2025
Holdings
Withdrawn status Lost status Source of classification or shelving scheme Damaged status Not for loan Collection code Home library Current library Shelving location Date acquired Source of acquisition Cost, normal purchase price Serial Enumeration / chronology Total Checkouts Full call number Barcode Date last seen Cost, replacement price Price effective from Koha item type
    Library of Congress Classification     JTL Research Collection Judith Thomas Library Judith Thomas Library Judith Thomas Library Research Section 09/07/2025 Theological Seminary 25.00 AUA27979   MA PTh .G73 2025 AUA27979 09/07/2025 25.00 09/07/2025 Thesis